Normal view MARC view
  • Kulkarni Tanaya- 2k241038 & Dr. Sneha Aarekar – Guide

Entry Personal Name

Number of records used in: 1

001 - CONTROL NUMBER

  • control field: 216468

003 - CONTROL NUMBER IDENTIFIER

  • control field: OSt

005 - DATE AND TIME OF LATEST TRANSACTION

  • control field: 20260123151839.0

008 - FIXED-LENGTH DATA ELEMENTS

  • fixed length control field: 260123|| aca||aabn | a|a d

040 ## - CATALOGING SOURCE

  • Original cataloging agency: OSt
  • Transcribing agency: OSt

100 ## - HEADING--PERSONAL NAME

  • Personal name: Kulkarni Tanaya- 2k241038 & Dr. Sneha Aarekar – Guide

670 ## - SOURCE DATA FOUND

  • Source citation: Work cat.: (OSt)370133: Kulkarni Tanaya- 2k241038 & Dr. Sneha Aarekar – Guide, Building Bridges at Work: HR's Role in Maintaining Positive Employee Relations , 2025